| 000 | 00387nam a22001457a 4500 | ||
|---|---|---|---|
| 005 | 20250916161001.0 | ||
| 008 | 250916b |||||||| |||| 00| 0 eng d | ||
| 020 | _a9798887150307 | ||
| 050 | _aQH 447.A53 2023 | ||
| 100 | _aANAM MOHAMED | ||
| 245 | _aDNA:A BRIDGE BETWEEN BIOCHEMISTRY AND BIOTECHNOLOGY | ||
| 260 |
_aDUBLIN _bORYSON PRESS _c2023 |
||
| 300 | _aX,296 | ||
| 942 |
_2lcc _cBK |
||
| 999 |
_c216124 _d216124 |
||